| 000 | 00867nam0a22002771 4500 | ||
|---|---|---|---|
| 001 | RU\NLR\INFOCOMM\LIB\30333 | ||
| 005 | 20250617205551.0 | ||
| 035 | _a(NLR Aleph) 004301037 | ||
| 090 |
_a2605412 _c2605412 |
||
| 100 | _a20011002d1964 |||y0rusy50 ca | ||
| 101 | 1 |
_afin _crus |
|
| 102 | _aRU | ||
| 105 | _aa ||||000ay | ||
| 200 | 1 |
_aPäin ukkosta _eromaani _fDaniil Granin _gsuom. Roy širokov |
|
| 210 |
_aМ. _aPetroskoi _cEdistys _d1964 |
||
| 215 |
_cпортр. _d20см |
||
| 225 | 2 | _aNeuvostoromaaneja | |
| 300 | _aНа обороте тит. л.: Даниил Гранин. Иду на грозу. | ||
| 700 | 1 |
_aGranin _bD.A. _f1919 _gDaniil Aleksandrovič _4070 |
|
| 702 | 1 |
_aširokov _bR. _gRoy _4730 |
|
| 801 | 1 |
_aRU _bInfoComm _c20011002 |
|
| 801 | 0 |
_aRU _bNLR _gPSBO _c19641124 |
|
| 852 |
_aNLR _bH _jФин/2-7885 |
||
| 942 | _cBOOK | ||
| 980 | _aNB | ||